Books By Sporcle II Quiz Stats

Quiz Updated Jun 28, 2015

Challenge
Share
Tweet
Embed
Score 0/40 Timer 06:00
1 Play Today
% Correct
Catcher
95.8%
Code
95.8%
Great
95.5%
Wardrobe
93.9%
Room
93.8%
Call
92.9%
Choice
92.1%
Portrait
91.8%
Sun
91.7%
Rings
91.4%
King's
91%
East
90.6%
Cradle
90%
Maltese
89.9%
Fault
88.6%
Mountain
88.2%
American
85.9%
Road
84.4%
Satanic
83.5%
Sons
82.9%
% Correct
Sound
81.6%
Revisited
81.1%
Street
80%
Old
78%
Bend
76.8%
Wings
75.6%
Side
73.8%
Sea
73.2%
Bondage
72.8%
Heart
72.7%
Magnificent
72.2%
Darkness
70.8%
King
67.7%
Tobacco
65.8%
Locust
64.1%
Flesh
60.6%
Bridge
55.4%
Angle
52.5%
Native
48.5%
Volcano
40.9%

You're not logged in!

Compare scores with friends on all Sporcle quizzes.
Sign Up with Email
OR
Log In

You Might Also Like...

Show Comments

Extras

Top Quizzes Today


Score Distribution

Your Account Isn't Verified!

In order to create a playlist on Sporcle, you need to verify the email address you used during registration. Go to your Sporcle Settings to finish the process.